000 01788cam a22005054i 4500
003 PE-LiUPU
005 20250731165452.0
008 150623s r 000 0 d
020 _a080280148X
035 _a(Sirsi) i9780802801487
040 _aPE-LiUPU
_bspa
_cPE-LiUPU
_erda
049 _aPRUA
082 0 4 _a221.7
_bITC
_221
100 1 _aJanzen, J. Gerald,
_eautor.
245 1 0 _aGenesis 12-50 :
_ba commentary on the book of; Abraham and all the families of the earth.
_n1a /
_cJ. Gerald Janzen.
264 1 _aMichigan :
_bWilliam B. Eerdmans Publishing Company,
_c1993.
300 _a215 páginas ;
_c21 centímetros
336 _atext
_2rdacontent
337 _aunmediated
_2rdamedia
338 _avolume
_2rdacarrier
490 0 _aInternational Theological Commentary
504 _aIncluye bibliografía.
505 0 _aIntroduction. -Comentary. -Afterword.
526 _aSEG44
526 _aSEG26
526 _aP151
526 _aP150
526 _aP149
526 _aP146
526 _aP145
526 _aP126
526 _aP125
526 _aP92
526 _aP75
526 _aP74
526 _aP27
526 _aP15
630 _aBiblia.
_pA.T.
_PG énesis
_xComentarios.
942 _2ddc
_cBOOK
949 _aRC 221.7 ITC 1A
_wDEWEY
_c1
_i44467
_d2015-10-7
_lCCODEBUL1
_mBUL
_q1
_r0
_sY
_tBOOK
_u2015-6-24
_xTEOLOGIA
_PP35
_0COMPRA
_o.CIRCNOTE. No olvidar cambiar la fecha de devolución!!!!!!!
_o.STAFF. Colección General
994 _aC0
_bPEPRU
596 _a1
999 _aRC 221.7 ITC 1A
_wDEWEY
_c21344
_i44467
_d21344
_f2021-11-8
_g5
_lCCODEBUL1
_mBUL
_q1
_r1
_sY
_tBOOK
_u2015-6-24
_xTEOLOGIA
_PP35
_0COMPRA
_o.CIRCNOTE. No olvidar cambiar la fecha de devolución!!!!!!!
_o.STAFF. Colección General
980 _81
_gALBERTO SANCHEZ Responsable de Automatización